| 000 | 00843nam0a22002411 4500 | ||
|---|---|---|---|
| 001 | rc\758306 | ||
| 005 | 20260407070517.0 | ||
| 035 | _a(NLR Aleph) 006286204 | ||
| 090 |
_a7101461 _c7101461 |
||
| 100 | _a20040301d1985 |||y0rusy50 ca | ||
| 101 | 0 | _arus | |
| 102 | _aRU | ||
| 105 | _aa ||||||||| | ||
| 200 | 1 |
_aСамая главная площадь _eРассказы о Моск. Кремле и Красной площади _e[Для мл. шк. возраста] _fЛев Колодный |
|
| 210 |
_aМ. _cДет. лит. _d1985 |
||
| 215 |
_a127 с. _cил., цв. ил. _d22 |
||
| 700 | 1 |
_4070 _7ca _8rus _aКолодный _bЛ. Е. _f1932-2023 _gЛев Ефимович _3RU\NLR\AUTH\770157309 _9157269 |
|
| 801 | 0 |
_aRU _bNLR _gpsbo |
|
| 801 | 1 |
_aRU _bELAR _2rusmarc |
|
| 852 |
_aNLR _j85-5/5942 |
||
| 942 | _cBOOK | ||
| 980 | _aNB | ||